八士業 - Statistics

General Stats
  • This quiz has been taken 181 times
  • The average score is 4 of 8
Answer Stats
主な独占業務 Answer % Correct
法律事務全般 弁護士
98%
税務代理など 税理士
92%
登記・訴訟代理など 司法書士
66%
官公書に提出する書類の作成など 行政書士
65%
特許に関する手続代理など 弁理士
48%
労働社会保険諸法令に基づく申請代理など 社会保険労務士
32%
不動産表示登記についての調査・測量など 土地家屋調査士
17%
海事に関する行政機関への申請・届出など 海事代理士
11%
No matching quizzes found
Score Distribution
Percent of People with Each Score
Percentile by Number Answered
Your Score History
You have not taken this quiz